| 000 | 00688nam a2200217 a 4500 | ||
|---|---|---|---|
| 005 | 20240912063853.0 | ||
| 008 | 160427s2011 ag r 000 0 spa d | ||
| 020 | _a9789875452701 | ||
| 035 | _aUPN01000209817 | ||
| 049 | _aI | ||
| 050 | 4 |
_aPZ74 _bC5.3 |
|
| 100 | 1 |
_aCinetto de González, Liliana Cristina, _d1967- _932491 |
|
| 245 | 1 | 0 |
_aCuentos locos : _bpara leer poco a poco / _cLiliana Cinetto ; il. Carolina Farías. |
| 260 |
_aBuenos Aires : _bNorma, _c2011. |
||
| 300 |
_a61 p. : _bil. |
||
| 440 | 0 |
_aTorre de papel roja. _pA partir de 7 años |
|
| 650 | 4 |
_aCuentos infantiles argentinos _97466 |
|
| 650 | 0 |
_aCuentos de hadas _95259 |
|
| 905 | _aInfantil | ||
| 999 |
_c181918 _d181918 |
||